000 00345pab a2200145 454500
008 180718b2017 xxu||||| |||| 00| 0 eng d
100 _aSrinivas, V.
245 _aRural transformation since independence
260 _c2017
300 _ap.60-62.
362 _aAug
650 _aRural development
773 _aKurukshetra
909 _a115958
999 _c115952
_d115952